Religion and Gender (Record no. 13651)

MARC details
000 -LEADER
fixed length control field 00588nam a2200241 a 4500
020 ## - INTERNATIONAL STANDARD BOOK NUMBER
ISBN 9780631193777
082 00 - DEWEY DECIMAL CLASSIFICATION NUMBER
Classification number 291.7
Author Cutter KIN
100 ## - MAIN ENTRY--AUTHOR NAME
Author name King, Ursula
245 ## - TITLE STATEMENT
Title Religion and Gender
260 ## - PUBLICATION, DISTRIBUTION, ETC. (IMPRINT)
Place of publication Oxford
Name of publisher Blackwell Pub. Ltd
Year of publication 2005
300 ## - PHYSICAL DESCRIPTION
Number of Pages 324p
500 ## - GENERAL NOTE
General note includes index and biblioraphy
505 2# - FORMATTED CONTENTS NOTE
Formatted contents note Index
650 ## - SUBJECT ADDED ENTRY--TOPICAL TERM
Topical Term Religion-Study and Teaching
942 ## - ADDED ENTRY ELEMENTS (KOHA)
Koha item type Books
700 1# -
-- King, Ursula
Holdings
Collection code Home library Current library Date acquired Cost, normal purchase price Full call number Accession Number Koha item type
  Henry Martyn Institute Library Henry Martyn Institute Library 12/05/2011 2459.00 291.7 KIN 023748 Books
                   Copyright © 2026 | Henry Martyn Institute | Hyderabad | TS-500052 | INDIA | Implemented by hmi.edu.in
Hit-Count:

Powered by Koha